Interés societario /
Guardado en:
| Autor Principal: | |
|---|---|
| Formato: | Libro |
| Idioma: | Undetermined |
| Publicado: |
Buenos Aires :
Astrea,
2010.
|
| Edición: | 1a. ed. |
| Materias: | |
| Etiquetas: |
Agregar Etiqueta
Sin Etiquetas, Sea el primero en etiquetar este registro!
|
| LEADER | 00723nam a22001695a 4500 | ||
|---|---|---|---|
| 001 | DER.der015316 | ||
| 008 | 251008s2010####ag############000#0#und#d | ||
| 005 | 20251008115501.0 | ||
| 245 | 1 | 0 | |a Interés societario / |c Juan Ignacio Dobson. |
| 250 | |a 1a. ed. | ||
| 260 | |a Buenos Aires : |b Astrea, |c 2010. | ||
| 300 | |a 447 p. | ||
| 500 | |a Personalidad jurídica. Deberes de administración. Orden público societario. Gobierno corporativo. Estructuras de directorio. Información y transparencia. Creación de valor. Función social de la empresa. Ética responsable. Sustentabilidad ambiental. | ||
| 020 | |a 9789505088980 | ||
| 100 | 1 | |a Dobson, Juan Ignacio. | |
| 650 | 7 | |a DERECHO SOCIETARIO | |
| 859 | |a DERECHO |b BIB. DERECHO |h 346.07 |i DOB |p 0010656 | ||
